000 00303nam a2200109Ia 4500
008 240109s9999 xx 000 0 und d
041 _aeng
100 _aDavid Irwin
245 _aFinancial Control For Non-Financial Managers
260 _bPitman Pubs House ,England / Hongkong
650 _aManagement
999 _c1024068
_d1024068